000 00401nam a2200169Ia 4500
008 230524s9999 xx 000 0 und d
082 _a650
_bCER
100 _aSamuel C.Certo
245 0 _aModern Management
250 _a10TH
260 _aNEW DELHI
_bPearson
_c2008
300 _aXIII;611
500 _aQuantity Number: 30
650 _aManagement
700 _a S.Trevis Certo
942 _cBK
999 _c40413
_d40413